[Event "AUTO-BEG-456"]
[Site "http://www.queenalice.com/game.php?id=889086"]
[Date "2011.1.21"]
[Round "1"]
[White "Cidebur"]
[Black "Mulder"]
[Result "0-1"]
[WhiteElo "1179"]
[BlackElo "1446"]

1. Nf3 c5 2. g3 d6 3. Bg2 e5 4. e4 Nc6 5. O-O f5 6. d3 fxe4 7. dxe4 Nf6 8. Nc3
Bg4 9. Qd3 h5 10. Nd5 Nxd5 11. Qxd5 Nb4 12. Qc4 a5 13. Ng5 d5 14. exd5 Qb6 15.
Re1 Bd6 16. a3 Qa6 17. Qxa6 Nxa6 18. c4 O-O 19. h3 Bf5 0-1

[Event "AUTO-BEG-456"]
[Site "http://www.queenalice.com/game.php?id=889087"]
[Date "2011.1.21"]
[Round "1"]
[White "Mulder"]
[Black "Cidebur"]
[Result "1-0"]
[WhiteElo "1440"]
[BlackElo "1194"]

1. e4 e5 2. Nf3 Nc6 3. Nc3 Nf6 4. Bd3 Be7 5. O-O O-O 6. Nd5 d6 7. Nxe7+ Qxe7 8.
Bc4 Nxe4 9. d3 Nc5 10. a3 Na5 11. b4 Nxc4 12. bxc5 Na5 13. cxd6 Qxd6 14. Bb2 f6
15. c4 c5 16. h3 b6 17. Qd2 Nb3 18. Qe3 Bb7 19. Rae1 Bxf3 20. gxf3 1-0

[Event "AUTO-OPEN-2895"]
[Site "http://www.queenalice.com/game.php?id=1143451"]
[Date "2013.1.21"]
[Round "1"]
[White "Cidebur"]
[Black "Herbert_Paulo"]
[Result "1/2-1/2"]
[WhiteElo "1208"]
[BlackElo "1634"]

1. e4 e5 2. Nf3 Nc6 3. Bc4 Be7 4. O-O Nf6 5. Nc3 O-O 6. h3 d6 7. Nd5 Nxe4 8. d3
Nf6 9. Nxf6+ Bxf6 10. a3 Nd4 11. c3 Nxf3+ 12. Qxf3 c6 13. Re1 Be6 14. Bxe6 fxe6
15. Qe2 Bg5 16. Qg4 Bxc1 17. Qxe6+ Kh8 18. Raxc1 Qf6 19. Qxf6 Rxf6 20. f3 Raf8
21. Rf1 Rf4 22. Rc2 h6 23. Rcf2 R4f7 24. Re2 Rc7 25. c4 c5 26. b4 cxb4 27. axb4
Rf4 28. g3 Rd4 29. Rd1 Rc6 30. b5 Rcxc4 31. dxc4 Rxd1+ 32. Kf2 Rc1 33. Re4 Kg8
34. f4 exf4 35. Rxf4 Rc3 36. h4 Rd3 37. Rf5 Rd4 38. Rd5 Rxc4 39. Rxd6 Rc5 40. b6
axb6 41. Rxb6 Rc7 42. g4 Kf7 43. Kf3 Ke7 44. Kf4 Rc4+ 45. Kf5 Rc5+ 46. Ke4 Rc4+
47. Kf5 Rc5+ 48. Ke4 Rc7 49. Kf5 Kd7 50. Rg6 Rc5+ 51. Kf4 Rc4+ 52. Kf5 Rc5+ 53.
Kf4 Rc4+ 54. Kf5 Rc5+ 1/2-1/2

[Event "AUTO-OPEN-2895"]
[Site "http://www.queenalice.com/game.php?id=1143452"]
[Date "2013.1.21"]
[Round "1"]
[White "Herbert_Paulo"]
[Black "Cidebur"]
[Result "1-0"]
[WhiteElo "1630"]
[BlackElo "1189"]

1. e4 e5 2. Nf3 Nc6 3. Bb5 a6 4. Be2 Nf6 5. d3 Bc5 6. Nxe5 Nxe5 7. d4 Bxd4 8.
Qxd4 d6 9. Nc3 O-O 10. O-O h6 11. Nd5 Nxd5 12. exd5 f6 13. f4 Nf7 14. Bh5 Bf5
15. c3 Qd7 16. Bd2 b6 17. Rfe1 c5 18. dxc6 Qxc6 19. Bf3 Qc7 20. Bxa8 Rxa8 21.
Re3 Qc5 22. Qxc5 dxc5 23. Re7 Bg6 24. Rb7 b5 25. Re1 Nd6 26. Rc7 c4 27. Ree7 Nf5
28. Red7 Be8 29. Rd5 Bg6 30. Rdc5 Kh7 31. Rb7 Nd6 32. Re7 Nf5 33. Rb7 Nd6 34.
Re7 Nf5 35. Rd7 Be8 36. Rdc7 Nd6 37. Re7 Bg6 38. Rc6 Nf5 39. Rb7 h5 40. Rxf6 1-0

[Event "AUTO-OPEN-2895"]
[Site "http://www.queenalice.com/game.php?id=1143453"]
[Date "2013.1.21"]
[Round "1"]
[White "Cidebur"]
[Black "galway75"]
[Result "0-1"]
[WhiteElo "1189"]
[BlackElo "2100"]

1. e4 e6 2. d4 Nc6 3. c3 d5 4. e5 f6 5. exf6 Nxf6 6. Nf3 Bd6 7. Be2 O-O 8. O-O
e5 9. dxe5 Nxe5 10. Nxe5 Bxe5 11. Be3 Bf5 12. h3 Qe8 13. Nd2 Qg6 14. g4 Bc2 15.
Qe1 Rae8 16. Bc5 Qh6 17. Kg2 Bf4 18. Nf3 Be4 19. Bxf8 Bxf3+ 20. Kxf3 Qxh3+ 0-1

[Event "AUTO-OPEN-2895"]
[Site "http://www.queenalice.com/game.php?id=1143454"]
[Date "2013.1.21"]
[Round "1"]
[White "galway75"]
[Black "Cidebur"]
[Result "1-0"]
[WhiteElo "2098"]
[BlackElo "1189"]

1. Nf3 d5 2. d4 Nf6 3. g3 Nc6 4. Bg2 e6 5. Nc3 Be7 6. O-O O-O 7. Bf4 a6 8. Ne5
Nxe5 9. dxe5 Nd7 10. e4 c6 11. Re1 b5 12. exd5 cxd5 13. a3 Bb7 14. Qg4 Re8 15.
h4 g6 16. h5 f5 17. exf6 Bxf6 18. hxg6 hxg6 19. Qxg6+ 1-0

[Event "AUTO-BEG-569"]
[Site "http://www.queenalice.com/game.php?id=1143710"]
[Date "2013.1.22"]
[Round "1"]
[White "mhr1989"]
[Black "Cidebur"]
[Result "1-0"]
[WhiteElo "1229"]
[BlackElo "1182"]

1. e4 e5 2. Nf3 Nc6 3. Nc3 Bc5 4. Bc4 Nf6 5. d3 O-O 6. Nd5 d6 7. Bg5 Be6 8.
Nxf6+ gxf6 9. Bh6 Re8 10. Bxe6 fxe6 11. Nd4 Nxd4 12. Qg4+ 1-0

[Event "AUTO-BEG-569"]
[Site "http://www.queenalice.com/game.php?id=1143711"]
[Date "2013.1.22"]
[Round "1"]
[White "Cidebur"]
[Black "mhr1989"]
[Result "1-0"]
[WhiteElo "1256"]
[BlackElo "1286"]

1. e4 e5 2. Nf3 Nc6 3. Bc4 Bc5 4. O-O Nf6 5. Nc3 d6 6. a3 O-O 7. b4 Bd4 8. Qe2
Bxc3 9. dxc3 Bg4 10. h3 Bxf3 11. Qxf3 Ne7 12. Qe2 c6 13. Bb3 Ng6 14. f3 a5 15.
Be3 b5 16. c4 Nh5 17. Bf2 Ngf4 18. Qd2 Qg5 19. Be3 f6 20. c5+ 1-0

[Event "AUTO-BEG-569"]
[Site "http://www.queenalice.com/game.php?id=1143726"]
[Date "2013.1.22"]
[Round "1"]
[White "siwyjr"]
[Black "Cidebur"]
[Result "0-1"]
[WhiteElo "1275"]
[BlackElo "1222"]

1. Nc3 e5 2. e4 Nf6 3. Nf3 Nc6 4. Bc4 h6 5. h3 Bc5 6. O-O O-O 7. a3 a6 8. b4 Ba7
9. b5 axb5 10. Bxb5 d6 11. Qe2 Bd7 12. Bc4 Na5 13. Bb5 c6 14. Bd3 Be6 0-1

[Event "AUTO-BEG-569"]
[Site "http://www.queenalice.com/game.php?id=1143727"]
[Date "2013.1.22"]
[Round "1"]
[White "Cidebur"]
[Black "siwyjr"]
[Result "1-0"]
[WhiteElo "1240"]
[BlackElo "1251"]

1. e4 Nf6 2. Nc3 e5 3. Nf3 Ng4 4. Bc4 Bc5 5. O-O Qf6 6. h3 Nh6 7. Nd5 Qd8 8.
Nxe5 c6 9. Ne3 f6 10. d4 Bd6 11. Qh5+ Ke7 12. Nf5+ Kf8 13. Nf7 Qe7 14. Nxe7 Bxe7
15. Nxh8 1-0

[Event "AUTO-BEG-579"]
[Site "http://www.queenalice.com/game.php?id=1174518"]
[Date "2013.4.23"]
[Round "1"]
[White "Cidebur"]
[Black "ratorei"]
[Result "0-1"]
[WhiteElo "1303"]
[BlackElo "2084"]

1. e4 e6 2. Nf3 d5 3. Nc3 dxe4 4. Nxe4 Nf6 5. Nxf6+ Qxf6 6. d4 Qd8 7. Bc4 c6 8.
O-O Be7 9. c3 Nd7 10. Ne5 Nxe5 11. dxe5 Qxd1 12. Rxd1 b5 13. Be2 O-O 14. f4 Bb7
0-1

[Event "AUTO-BEG-579"]
[Site "http://www.queenalice.com/game.php?id=1174519"]
[Date "2013.4.23"]
[Round "1"]
[White "ratorei"]
[Black "Cidebur"]
[Result "1-0"]
[WhiteElo "2084"]
[BlackElo "1303"]

1. e4 e5 2. Nf3 Nc6 3. Bc4 Be7 4. c3 d6 5. d4 h6 6. d5 Na5 7. Bd3 b6 8. Be3 Nf6
9. h3 O-O 10. O-O c5 11. Nbd2 a6 12. Nh2 b5 13. b3 Bd7 14. f4 exf4 15. Bxf4 1-0